| 000 | 02313pam a2200373 i 4500 | ||
|---|---|---|---|
| 005 | 20201109144136.0 | ||
| 008 | 201109b ||||| |||| 00| 0 eng d | ||
| 020 | _a1250239087 (sc) | ||
| 020 | _a9781250239082 (sc0 | ||
| 040 | _erda | ||
| 082 | _a302.3 | ||
| 092 | _a302.3 | ||
| 100 | 1 |
_aLanier, Jaron, _eauthor. _95716468 |
|
| 245 | 1 | 0 |
_aTen arguments for deleting your social media accounts right now / _cJaron Lanier. |
| 246 | 3 | _a10 arguments for deleting your social media accounts right now | |
| 250 | _aPrint book : English : First Picador edition | ||
| 264 | 1 |
_aNew York : _bHenry Holt and Company, _c2018. |
|
| 264 | 4 |
_c♭2018, 2019. _aNew York : _bPicador, Henry Holt and Company, August 2019. |
|
| 300 |
_ax, 146 pages ; _c22 cm |
||
| 336 | _atext | ||
| 337 | _aunmediated | ||
| 338 | _avolume | ||
| 500 | _a"With a new afterword"--Cover. | ||
| 504 | _aIncludes bibliographical references. | ||
| 505 | 0 | _aIntroduction, with cats -- You are losing your free will -- Quitting social media is the most finely targeted way to resist the insanity of our times -- Social media is making you into an asshole -- Social media is undermining truth -- Social media is making what you say meaningless -- Social media is destroying your capacity for empathy -- Social media is making you unhappy -- Social media doesn't want you to have economic dignity -- Social media is making politics impossible -- Social media hates your soul -- Conclusion: Cats have nine lives. | |
| 520 | _aLanier offers powerful and personal reasons for all of us to leave the dangers of online platforms behind. He has seen their tendency to bring out the worst in us, to make politics terrifying, to trick us with illusions of popularity and success, to twist our relationship with the truth, to disconnect us from other people. And he asks: How could the benefits of social media possibly outweigh the catastrophic losses to our personal dignity, happiness, and freedom? -- adapted from jacket. | ||
| 650 | 0 |
_aInternet _xSocial aspects. _95676987 |
|
| 650 | 0 |
_aSocial media. _96384530 |
|
| 650 | 7 |
_aInternet _xSocial aspects. _2fast _95676987 |
|
| 650 | 7 |
_aSocial media. _2fast _96384530 |
|
| 655 | 4 |
_aNonfiction. _95714151 |
|
| 930 | 1 | _hHM851 | |
| 942 |
_2ddc _cBOOK |
||
| 999 |
_c355477 _d355477 |
||